Calculus / (Record no. 284513)
[ view plain ]
| 000 -LEADER | |
|---|---|
| fixed length control field | 01424cam a22002897a 4500 |
| 001 - CONTROL NUMBER | |
| control field | STB031829 |
| 003 - CONTROL NUMBER IDENTIFIER | |
| control field | PILC |
| 005 - DATE AND TIME OF LATEST TRANSACTION | |
| control field | 20150529145504.0 |
| 008 - FIXED-LENGTH DATA ELEMENTS--GENERAL INFORMATION | |
| fixed length control field | 081009s2010 caua 001 0 eng |
| 010 ## - LIBRARY OF CONGRESS CONTROL NUMBER | |
| LC control number | 2008939231 |
| 020 ## - INTERNATIONAL STANDARD BOOK NUMBER | |
| International Standard Book Number | 9780538498647 |
| 035 ## - SYSTEM CONTROL NUMBER | |
| System control number | (OCoLC)ocn319729593 |
| 040 ## - CATALOGING SOURCE | |
| Original cataloging agency | AU@ |
| Language of cataloging | eng |
| Transcribing agency | AU@ |
| Modifying agency | YDXCP |
| -- | NUI |
| -- | UBA |
| -- | SGB |
| -- | NJB |
| -- | BTCTA |
| -- | Y6I |
| -- | IBI |
| -- | DLC |
| 042 ## - AUTHENTICATION CODE | |
| Authentication code | lccopycat |
| 050 00 - LIBRARY OF CONGRESS CALL NUMBER | |
| Classification number | QA 303.2 |
| Item number | .L335 2012 |
| 100 1# - MAIN ENTRY--PERSONAL NAME | |
| Personal name | Larson, Ron, |
| Dates associated with a name | 1941- |
| 245 10 - TITLE STATEMENT | |
| Title | Calculus / |
| Statement of responsibility, etc | Ron Larson, Bruce H. Edwards. |
| 250 ## - EDITION STATEMENT | |
| Edition statement | Philippines ed. |
| 260 ## - PUBLICATION, DISTRIBUTION, ETC. (IMPRINT) | |
| Place of publication, distribution, etc | Singapore : |
| Name of publisher, distributor, etc | Cengage Learning, |
| Date of publication, distribution, etc | 2012. |
| 300 ## - PHYSICAL DESCRIPTION | |
| Extent | 1198 pages : |
| Other physical details | illustrations ; |
| Dimensions | 28 cm. |
| 500 ## - GENERAL NOTE | |
| General note | Previous ed.: 2006. |
| 500 ## - GENERAL NOTE | |
| General note | Includes index. |
| 505 0# - FORMATTED CONTENTS NOTE | |
| Formatted contents note | Preparation for calculus -- Limits and their properties -- Differentiation -- Applications of differentiation -- Integration -- Logarithmic, exponential, and other transcendental functions -- Differential equations -- Applications of integration -- Integration techniques, L'Hopital's rule, and improper integrals -- Infinite series -- Conics, parametric equations, and polar coordinates -- Vectors and the geometry of space -- Vector-valued functions -- Functions of several variables -- Multiple integration -- Vector analysis -- Appendices. Proofs of selected theorems -- Integration tables. |
| 650 #0 - SUBJECT ADDED ENTRY--TOPICAL TERM | |
| Topical term or geographic name as entry element | Calculus. |
| 700 1# - ADDED ENTRY--PERSONAL NAME | |
| Personal name | Edwards, Bruce H., |
| Dates associated with a name | 1946- |
| 942 ## - ADDED ENTRY ELEMENTS (KOHA) | |
| Source of classification or shelving scheme | Library of Congress Classification |
| Koha item type | Books |
| Call number prefix | Local |
| Withdrawn status | Lost status | Source of classification or shelving scheme | Damaged status | Home library | Current library | Shelving location | Date acquired | Source of acquisition | Sub Shelving location | Total Checkouts | Full call number | Barcode | Date last seen | Date checked out | Price effective from | Koha item type |
|---|---|---|---|---|---|---|---|---|---|---|---|---|---|---|---|---|
| Library of Congress Classification | College Library | College Library | Reserve Section | 05/29/2015 | Library Fund | 1 | QA 303.2 .L335 2012 | C19434 | 05/15/2018 | 04/16/2018 | 05/29/2015 | Books |